| 000 | 00357cam a2200145ua 4500 | ||
|---|---|---|---|
| 041 |
_ahin _h |
||
| 082 |
_a891.43 _bHAR/TA |
||
| 100 | _aHarkara, . | ||
| 245 |
_aTara shankar Bandyopadhyaya / _cHarkara. _hTextual Documents |
||
| 260 |
_a : _bHindi Prachar Pusthakalayam , _c1960. |
||
| 300 | _a128 ; . | ||
| 504 | _a | ||
| 942 | _cBK | ||
| 999 |
_c3530 _d3530 |
||